| 000 | 01137nam a22003257a 4500 | ||
|---|---|---|---|
| 003 | CHAP | ||
| 005 | 20220329140424.0 | ||
| 008 | 971013s1980 r 00010 d | ||
| 010 | _a51733 | ||
| 011 | _a52705 | ||
| 035 | _a56855 | ||
| 040 | _cCHAP | ||
| 090 | _aTesis | ||
| 100 | 0 | 0 |
_aTreviño Urquijo, Octavio Juan de Dios. _9114889 |
| 245 | _aContribución al incremento de la fertilidad en sementales bovinos de la Chontalpa y Tenosique, Tabasco | ||
| 260 |
_aMéxico, D.F. : _bEl autor, _c1980 |
||
| 300 |
_a76 h. _b: ilus. ; gráfs. |
||
| 502 | _aTesis (Médico Veterinario Zootecnista) -- UNAM. Fac. de Medicina Veterinaria y Zootecnia | ||
| 590 |
_aALEPH _b10 _c20130110 _lUCH01 _h1328 |
||
| 590 |
_aBATCH-UPD _b10 _c20130110 _lUCH01 _h0553 |
||
| 590 |
_aBATCH-UPD _b10 _c20130410 _lUCH01 _h0235 |
||
| 590 |
_aBATCH-UPD _b10 _c20130914 _lUCH01 _h1524 |
||
| 590 |
_aCONVERSION _b10 _c20130109 _lUCH01 _h1328 |
||
| 650 | 1 | 4 |
_aGanado vacuno _xFecundidad. _945466 |
| 650 | 1 | 4 |
_aGanado vacuno _zTabasco. _945533 |
| 650 | 1 | 4 |
_aSemen _xGanado vacuno. _9103865 |
| 901 | _aBK | ||
| 942 | _cTESIS | ||
| 949 |
_bBC _cTES _d-123989 _eTS1 _i56855 _si |
||
| 999 |
_c51733 _d51733 |
||